000 00734nam a2200265Ia 4500
003 OSt
005 20221006160209.0
006 a|||||r|||| 00| 0
007 ta
008 221006b |||||||| |||| 00| 0 eng d
020 _a9781904982609
_c
_140.00
024 _a44,588
037 _bGift,
_cTextual
040 _aEASL
_cEASL
_beng
041 _2eng
_aeng
082 _aN42, Q1
100 _aRivers Shayne,etc. Ed.
_9672357
245 0 _aEast Asian lacquer
_b Material culture, science convervation
260 _aLondon
_bArchetype Publications
_c2011
300 _a240p.
_ccm.
490 _v JEL
650 _aJEL
942 _hN42, Q1
_cTEXL
_2CC
999 _c1112680
_d1112680